[Event "Internationaal Jeugdtoernooi Limburg 4"]
[Site "Maastricht"]
[Date "1998.07.17"]
[Round "3"]
[White "Dambacher, Martijn"]
[Black "Amesz, Jaap"]
[Result "1-0"]
[WhiteElo "2233"]
[BlackElo "2070"]
[PlyCount "107"]
[EventDate "1998.07.16"]
[EventType "swiss"]
[EventRounds "7"]
[EventCountry "NED"]
[Source "P.Boonen"]
[SourceDate "2009.01.01"]

1. e4 e5 2. Nf3 Nc6 3. Bb5 a6 4. Ba4 Nf6 5. O-O b5 6. Bb3 Nxe4 7. d4 d5 8. dxe5
Be6 9. Nbd2 Nc5 10. c3 Nxb3 11. Nxb3 Be7 12. Nfd4 Nxd4 13. cxd4 a5 14. Bd2 a4
15. Na5 c5 16. Nb7 Qb6 17. Nxc5 Bxc5 18. dxc5 Qxc5 19. Qe1 d4 20. Bb4 Qd5 21.
Rc1 Qd7 22. Qd2 Bxa2 23. Qg5 Rg8 24. Rfd1 Qd8 25. Qf4 g5 26. Qe4 Qd5 27. Qxh7
Rg6 28. Qh8+ Kd7 29. e6+ Rxe6 30. Qg7 Rg6 31. Qh7 Bc4 32. Re1 Re8 33. Rxe8 Kxe8
34. b3 axb3 35. Ra1 Qb7 36. Re1+ Re6 37. Qg8+ Kd7 38. Qxf7+ Kc8 39. Qf5 Qd5 40.
Qf8+ Kd7 41. Ra1 Qb7 42. Qc5 d3 43. Ra7 Qxa7 44. Qxa7+ Kc6 45. Qd4 Re2 46. Qd6+
Kb7 47. Ba5 Re6 48. Qc7+ Ka6 49. Bc3 b2 50. Qa5+ Kb7 51. Bxb2 Re2 52. Bc3 Ra2
53. Qd8 d2 54. h3 1-0

[Event "Internationaal Jeugdtoernooi Limburg 4"]
[Site "Maastricht"]
[Date "1998.07.17"]
[Round "3"]
[White "Hanouna, Dan"]
[Black "Schilperoort, Jeroen"]
[Result "1-0"]
[WhiteElo "1954"]
[BlackElo "1704"]
[PlyCount "59"]
[EventDate "1998.07.16"]
[EventType "swiss"]
[EventRounds "7"]
[EventCountry "NED"]
[Source "P.Boonen"]
[SourceDate "2009.01.01"]

1. c4 c5 2. Nf3 Nf6 3. d4 e6 4. d5 exd5 5. cxd5 b5 6. e3 a6 7. b3 Bb7 8. Bb2
Nxd5 9. e4 Qa5+ 10. Nfd2 Nf6 11. Bd3 Be7 12. e5 Ne4 13. Qe2 Ng5 14. O-O Qb6 15.
Kh1 Qh6 16. Nc3 O-O 17. f4 Ne6 18. Qe3 d5 19. exd6 Bxd6 20. Ne2 g5 21. Ne4 Bxe4
22. Qxe4 Ra7 23. Rf3 f5 24. Qd5 Bxf4 25. Nxf4 gxf4 26. Bxf5 Re7 27. Re1 Rfe8
28. Rh3 Qf8 29. Rxe6 Qxf5 30. Rg6+ 1-0

[Event "Internationaal Jeugdtoernooi Limburg 4"]
[Site "Maastricht"]
[Date "1998.07.17"]
[Round "3"]
[White "Heltzel, Joost"]
[Black "Van Otten, Gerard J"]
[Result "1/2-1/2"]
[WhiteElo "1881"]
[BlackElo "1816"]
[PlyCount "65"]
[EventDate "1998.07.16"]
[EventType "swiss"]
[EventRounds "7"]
[EventCountry "NED"]
[Source "P.Boonen"]
[SourceDate "2009.01.01"]

1. e4 c5 2. Nf3 d6 3. c4 Nc6 4. Nc3 Nf6 5. d4 cxd4 6. Nxd4 g6 7. Be2 Nxd4 8.
Qxd4 Bg7 9. Be3 O-O 10. Qd1 Qa5 11. O-O Be6 12. f3 Rfc8 13. Nd5 Bxd5 14. exd5
Nd7 15. Bd4 Bxd4+ 16. Qxd4 Qc5 17. Qxc5 Rxc5 18. Rfe1 Kf8 19. f4 Nf6 20. Bf1
Rac8 21. a4 a5 22. Ra3 Ra8 23. g3 Rc7 24. Rae3 Re8 25. b3 Nd7 26. Bh3 Nc5 27.
Bg4 Ra8 28. h4 Ra6 29. h5 Rb6 30. Bd1 Ra6 31. Kg2 Ra8 32. Rh1 Kg7 33. Bg4
1/2-1/2

[Event "Internationaal Jeugdtoernooi Limburg 4"]
[Site "Maastricht"]
[Date "1998.07.17"]
[Round "3"]
[White "Kipper, Jens"]
[Black "Holtackers, Daan"]
[Result "1-0"]
[WhiteElo "2210"]
[BlackElo "1855"]
[PlyCount "69"]
[EventDate "1998.07.16"]
[EventType "swiss"]
[EventRounds "7"]
[EventCountry "NED"]
[Source "P.Boonen"]
[SourceDate "2009.01.01"]

1. Nf3 Nf6 2. c4 e6 3. Nc3 b6 4. e4 Bb7 5. Bd3 d6 6. Bc2 Nbd7 7. d4 c5 8. d5 e5
9. O-O g6 10. Ne1 Bg7 11. Nd3 O-O 12. f4 exf4 13. Bxf4 Ne8 14. Qe2 Ne5 15. Nxe5
dxe5 16. Bg3 Nd6 17. Nb5 a6 18. Nxd6 Qxd6 19. Rf2 Bc8 20. Raf1 Bd7 21. Bd3 Rab8
22. Qc2 b5 23. b3 bxc4 24. Qxc4 Rb4 25. Qc2 a5 26. h3 a4 27. Rf3 axb3 28. axb3
Qb6 29. Bc4 Bb5 30. Bxb5 Qxb5 31. Be1 Rd4 32. Bc3 Qb6 33. Bxd4 exd4 34. Qc4 Bh6
35. d6 1-0

[Event "Internationaal Jeugdtoernooi Limburg 4"]
[Site "Maastricht"]
[Date "1998.07.17"]
[Round "3"]
[White "Magalhaes, Pedro"]
[Black "Backhuis, Roel"]
[Result "1/2-1/2"]
[WhiteElo "1900"]
[BlackElo "1538"]
[PlyCount "50"]
[EventDate "1998.07.16"]
[EventType "swiss"]
[EventRounds "7"]
[EventCountry "NED"]
[Source "P.Boonen"]
[SourceDate "2009.01.01"]

1. e4 c5 2. Nf3 d6 3. d4 cxd4 4. Nxd4 Nf6 5. Nc3 Nc6 6. Be2 e6 7. Be3 Be7 8.
O-O O-O 9. f4 a6 10. a4 Bd7 11. Qe1 Rc8 12. Qg3 Ne8 13. e5 Bh4 14. Nxc6 Bxc6
15. Qh3 dxe5 16. Rad1 Qe7 17. Bd3 exf4 18. Rxf4 g5 19. Rff1 g4 20. Qxg4+ Ng7
21. g3 Bf6 22. Ne4 Bxb2 23. Bc5 f5 24. Qh3 Bd4+ 25. Bxd4 Bxe4 1/2-1/2

[Event "Internationaal Jeugdtoernooi Limburg 4"]
[Site "Maastricht"]
[Date "1998.07.17"]
[Round "3"]
[White "Muris, Paul"]
[Black "Muris, Saskia"]
[Result "1/2-1/2"]
[WhiteElo "1596"]
[BlackElo "1673"]
[PlyCount "75"]
[EventDate "1998.07.16"]
[EventType "swiss"]
[EventRounds "7"]
[EventCountry "NED"]
[Source "P.Boonen"]
[SourceDate "2009.01.01"]

1. e4 c5 2. Nf3 d6 3. d4 cxd4 4. Nxd4 Nf6 5. Nc3 a6 6. Be3 g6 7. Be2 Bg7 8. f4
O-O 9. Bf3 Nc6 10. O-O Nxd4 11. Bxd4 Be6 12. Kh1 Qd7 13. Nd5 Bxd5 14. exd5 Rac8
15. b3 h5 16. c4 Qc7 17. Rc1 Qa5 18. Rf2 Qb4 19. h3 b5 20. Rfc2 Bh6 21. g3 h4
22. Kg2 hxg3 23. Kxg3 Kh7 24. Bxf6 exf6 25. Qd3 bxc4 26. Rxc4 Rxc4 27. Qxc4
Qxc4 28. Rxc4 Ra8 29. Rc6 Bf8 30. Be4 f5 31. Bd3 a5 32. Kh4 Be7+ 33. Kg3 Kg7
34. h4 Ra7 35. a4 Bf8 36. Bc4 Be7 37. Rb6 Kf6 38. Rb8 1/2-1/2

[Event "Internationaal Jeugdtoernooi Limburg 4"]
[Site "Maastricht"]
[Date "1998.07.17"]
[Round "3"]
[White "Schreiber, Christophe"]
[Black "Berresheim, Helmut"]
[Result "1-0"]
[WhiteElo "2075"]
[BlackElo "2215"]
[PlyCount "73"]
[EventDate "1998.07.16"]
[EventType "swiss"]
[EventRounds "7"]
[EventCountry "NED"]
[Source "P.Boonen"]
[SourceDate "2009.01.01"]

1. d4 d5 2. e3 Nf6 3. Bd3 c5 4. c3 Nc6 5. f4 e6 6. Nf3 b6 7. Nbd2 Bb7 8. O-O
Qc7 9. Ne5 Be7 10. Qe2 h6 11. Qf3 c4 12. Bc2 b5 13. e4 dxe4 14. Nxe4 Na5 15. f5
exf5 16. Qxf5 Nc6 17. Nxf6+ Bxf6 18. Bf4 Nxe5 19. Bxe5 Bxe5 20. Rae1 Kf8 21.
Rxe5 Bc6 22. d5 Re8 23. d6 Qb7 24. Rxe8+ Bxe8 25. Rd1 Bd7 26. Qe5 Be6 27. Bf5
Qd7 28. Bxe6 fxe6 29. Qh5 Kg8 30. Qc5 Kh7 31. Qc7 Rd8 32. Kf2 e5 33. Ke3 Qe8
34. Qe7 Qf8 35. Qxf8 Rxf8 36. d7 Rd8 37. Ke4 1-0

[Event "Internationaal Jeugdtoernooi Limburg 4"]
[Site "Maastricht"]
[Date "1998.07.17"]
[Round "3"]
[White "Solleveld, Maarten"]
[Black "Utama, Ivan"]
[Result "1-0"]
[WhiteElo "2265"]
[BlackElo "2066"]
[PlyCount "61"]
[EventDate "1998.07.16"]
[EventType "swiss"]
[EventRounds "7"]
[EventCountry "NED"]
[Source "P.Boonen"]
[SourceDate "2009.01.01"]

1. e4 e5 2. Nf3 Nc6 3. Bb5 a6 4. Ba4 Nf6 5. O-O Be7 6. Re1 b5 7. Bb3 O-O 8. a4
Bb7 9. d3 d6 10. c3 h6 11. Nbd2 Re8 12. Nf1 Bf8 13. Ng3 Qd7 14. Nh4 Na5 15. Bc2
Qg4 16. Nf3 Qd7 17. b4 Nc6 18. d4 exd4 19. Nxd4 Nxd4 20. Qxd4 Qe6 21. Bf4 Qc4
22. Qxc4 bxc4 23. Rad1 g5 24. Bd2 Bc8 25. h3 Bg7 26. f4 gxf4 27. Bxf4 Nd7 28.
Nf5 Bxc3 29. Nxh6+ Kf8 30. Rf1 Bg7 31. Bxd6+ 1-0

[Event "Internationaal Jeugdtoernooi Limburg 4"]
[Site "Maastricht"]
[Date "1998.07.17"]
[Round "3"]
[White "Van Gemen, Felix"]
[Black "Gommers, Olga"]
[Result "1/2-1/2"]
[WhiteElo "1686"]
[BlackElo "1686"]
[PlyCount "53"]
[EventDate "1998.07.16"]
[EventType "swiss"]
[EventRounds "7"]
[EventCountry "NED"]
[Source "P.Boonen"]
[SourceDate "2009.01.01"]

1. e4 c5 2. Nc3 Nc6 3. g3 g6 4. Bg2 Bg7 5. d3 Rb8 6. Be3 d6 7. Qc1 Bd7 8. Nf3
b5 9. O-O Nd4 10. Kh1 Qc8 11. Re1 Bg4 12. Ng1 h5 13. h3 Bd7 14. h4 Bh6 15. Bxh6
Nxh6 16. Nce2 Ng4 17. Rf1 Ne6 18. f3 Ne5 19. Bh3 Nc6 20. c3 b4 21. Qd2 Ned8 22.
Kh2 Qb7 23. Bxd7+ Kxd7 24. d4 bxc3 25. bxc3 Qb2 26. Qxb2 Rxb2 27. Rfb1 1/2-1/2

[Event "Internationaal Jeugdtoernooi Limburg 4"]
[Site "Maastricht"]
[Date "1998.07.17"]
[Round "3"]
[White "Van Gils, Philip"]
[Black "Tangelder, Yonne"]
[Result "1-0"]
[WhiteElo "1740"]
[BlackElo "1641"]
[PlyCount "55"]
[EventDate "1998.07.16"]
[EventType "swiss"]
[EventRounds "7"]
[EventCountry "NED"]
[Source "P.Boonen"]
[SourceDate "2009.01.01"]

1. Nf3 d5 2. c4 Nf6 3. d4 g6 4. Nc3 Bg7 5. Bg5 c6 6. e3 O-O 7. Bd3 Nbd7 8. Qc2
Re8 9. Rc1 e5 10. cxd5 cxd5 11. dxe5 Nxe5 12. Nxe5 Rxe5 13. Bf4 Re8 14. Nb5
Qa5+ 15. Qd2 Qa4 16. Nc7 Qxf4 17. Nxe8 Qg5 18. f4 Qh4+ 19. g3 Qh5 20. Nxf6+
Bxf6 21. Be2 Qf5 22. Bf3 Bd7 23. Qxd5 Qxd5 24. Bxd5 Re8 25. Kf2 Bxb2 26. Rc7
Be6 27. Bxe6 Rxe6 28. Rxb7 1-0

[Event "Internationaal Jeugdtoernooi Limburg 4"]
[Site "Maastricht"]
[Date "1998.07.17"]
[Round "3"]
[White "Vinck, Martin"]
[Black "Severijnen, Arjon"]
[Result "1-0"]
[WhiteElo "1835"]
[BlackElo "1596"]
[PlyCount "59"]
[EventDate "1998.07.16"]
[EventType "swiss"]
[EventRounds "7"]
[EventCountry "NED"]
[Source "P.Boonen"]
[SourceDate "2009.01.01"]

1. e4 d5 2. Nc3 d4 3. Nce2 e5 4. d3 Bd6 5. g3 c5 6. Bg2 Nc6 7. Nf3 Nf6 8. O-O
O-O 9. Ne1 Re8 10. f4 Bg4 11. f5 b5 12. h3 Bxe2 13. Qxe2 Qc7 14. g4 Nd7 15. g5
f6 16. h4 Qd8 17. Qh5 Qe7 18. Kh2 Nf8 19. Rf3 Qf7 20. Qg4 fxg5 21. hxg5 Qd7 22.
Qh5 g6 23. Qg4 Ne7 24. Kg1 Rab8 25. Bh3 Nc6 26. Qh4 Qf7 27. Qh6 Nd7 28. fxg6
Qxg6 29. Qxg6+ hxg6 30. Bxd7 1-0

[Event "Internationaal Jeugdtoernooi Limburg 4"]
[Site "Maastricht"]
[Date "1998.07.17"]
[Round "3"]
[White "Wirig, Anthony"]
[Black "Connel, Blair"]
[Result "1/2-1/2"]
[WhiteElo "2145"]
[BlackElo "2215"]
[PlyCount "48"]
[EventDate "1998.07.16"]
[EventType "swiss"]
[EventRounds "7"]
[EventCountry "NED"]
[Source "P.Boonen"]
[SourceDate "2009.01.01"]

1. e4 d5 2. exd5 Qxd5 3. Nc3 Qa5 4. d4 Nf6 5. Nf3 c6 6. Be2 Bf5 7. O-O Nbd7 8.
Bd2 e6 9. Ne4 Qc7 10. Ng3 Bg6 11. c4 Bd6 12. Bc3 O-O 13. Re1 Rfe8 14. Bf1 Rad8
15. Qa4 c5 16. b4 b6 17. Rad1 Rb8 18. a3 b5 19. cxb5 Nb6 20. Qb3 c4 21. Qa2
Nbd5 22. Rc1 Bf4 23. Bd2 Bxg3 24. hxg3 c3 1/2-1/2

[Event "Internationaal Jeugdtoernooi Limburg 4"]
[Site "Maastricht"]
[Date "1998.07.17"]
[Round "4"]
[White "Amesz, Jaap"]
[Black "Backhuis, Roel"]
[Result "1-0"]
[WhiteElo "2070"]
[BlackElo "1538"]
[PlyCount "65"]
[EventDate "1998.07.16"]
[EventType "swiss"]
[EventRounds "7"]
[EventCountry "NED"]
[Source "P.Boonen"]
[SourceDate "2009.01.01"]

1. e4 e5 2. Nf3 Nc6 3. Bc4 Bc5 4. c3 Nf6 5. b4 Bb6 6. d3 O-O 7. b5 Na5 8. Nxe5
d6 9. Nxf7 Rxf7 10. Bxf7+ Kxf7 11. O-O a6 12. bxa6 Rxa6 13. Kh1 Be6 14. Nd2 Ng4
15. d4 c6 16. Qe2 Kg8 17. f4 Nf6 18. f5 Bf7 19. g4 Nxe4 20. Nxe4 Bc4 21. Qf2
Bxf1 22. Qxf1 Qh4 23. h3 Qe7 24. Ng5 h6 25. Ne6 Nb3 26. Bg5 hxg5 27. axb3 Rxa1
28. Qxa1 g6 29. Qa8+ Kf7 30. Qh8 gxf5 31. gxf5 d5 32. Qh5+ Kf6 33. Qg6# 1-0

[Event "Internationaal Jeugdtoernooi Limburg 4"]
[Site "Maastricht"]
[Date "1998.07.17"]
[Round "4"]
[White "Berresheim, Helmut"]
[Black "Vinck, Martin"]
[Result "0-1"]
[WhiteElo "2215"]
[BlackElo "1835"]
[PlyCount "60"]
[EventDate "1998.07.16"]
[EventType "swiss"]
[EventRounds "7"]
[EventCountry "NED"]
[Source "P.Boonen"]
[SourceDate "2009.01.01"]

1. d4 Nf6 2. Nf3 g6 3. c4 Bg7 4. Nc3 O-O 5. e4 d6 6. Be2 e5 7. O-O Nc6 8. d5
Ne7 9. Nd2 Nd7 10. b4 f5 11. f3 f4 12. c5 g5 13. Nc4 Nf6 14. Ba3 Ng6 15. b5 Ne8
16. b6 axb6 17. cxd6 cxd6 18. Qb3 h5 19. Rab1 g4 20. Nxb6 g3 21. h3 Bxh3 22.
gxh3 Nh4 23. Bd1 Ra6 24. Nca4 Rf6 25. Qc4 g2 26. Rf2 Rg6 27. Qc8 Qg5 28. Qxe8+
Kh7 29. Qd7 Qg3 30. Rbb2 Qh2+ 0-1

[Event "Internationaal Jeugdtoernooi Limburg 4"]
[Site "Maastricht"]
[Date "1998.07.17"]
[Round "4"]
[White "Connel, Blair"]
[Black "Schreiber, Christophe"]
[Result "1/2-1/2"]
[WhiteElo "2215"]
[BlackElo "2075"]
[PlyCount "44"]
[EventDate "1998.07.16"]
[EventType "swiss"]
[EventRounds "7"]
[EventCountry "NED"]
[Source "P.Boonen"]
[SourceDate "2009.01.01"]

1. e4 d6 2. d4 Nf6 3. Bd3 e5 4. c3 g6 5. f4 exf4 6. Bxf4 Bg7 7. Nf3 O-O 8. O-O
Nbd7 9. Qe1 h6 10. a3 Re8 11. Nbd2 Nxe4 12. Nxe4 d5 13. Qb1 dxe4 14. Bxe4 Nf6
15. Bxg6 fxg6 16. Qxg6 Qe7 17. Ne5 Be6 18. Bxh6 Rf8 19. Rae1 Rae8 20. Ng4 Nxg4
21. Rxe6 Rxf1+ 22. Kxf1 Qf8+ 1/2-1/2

[Event "Internationaal Jeugdtoernooi Limburg 4"]
[Site "Maastricht"]
[Date "1998.07.17"]
[Round "4"]
[White "Hanouna, Dan"]
[Black "Wirig, Anthony"]
[Result "0-1"]
[WhiteElo "1954"]
[BlackElo "2145"]
[PlyCount "56"]
[EventDate "1998.07.16"]
[EventType "swiss"]
[EventRounds "7"]
[EventCountry "NED"]
[Source "P.Boonen"]
[SourceDate "2009.01.01"]

1. d4 Nf6 2. c4 c5 3. d5 b5 4. cxb5 a6 5. Nc3 axb5 6. e4 b4 7. Nb5 d6 8. Bc4
Nbd7 9. Qc2 g6 10. Nf3 Bg7 11. O-O O-O 12. Re1 Nb6 13. Bf1 Ne8 14. Bg5 Nc7 15.
Nxc7 Qxc7 16. Nd2 Ba6 17. f4 Bxf1 18. Rxf1 c4 19. Nf3 Ra7 20. a3 Rfa8 21. Bh4
bxa3 22. Rxa3 Rxa3 23. bxa3 Rxa3 24. Bf2 c3 25. Qb1 c2 26. Qxb6 c1=Q 27. Rxc1
Qxc1+ 28. Be1 Rxf3 0-1

[Event "Internationaal Jeugdtoernooi Limburg 4"]
[Site "Maastricht"]
[Date "1998.07.17"]
[Round "4"]
[White "Holtackers, Daan"]
[Black "Magalhaes, Pedro"]
[Result "1/2-1/2"]
[WhiteElo "1855"]
[BlackElo "1900"]
[PlyCount "133"]
[EventDate "1998.07.16"]
[EventType "swiss"]
[EventRounds "7"]
[EventCountry "NED"]
[Source "P.Boonen"]
[SourceDate "2009.01.01"]

1. e4 c5 2. Nc3 Nc6 3. g3 g6 4. Bg2 Bg7 5. Nce2 d6 6. c3 Nf6 7. f4 O-O 8. d4
cxd4 9. cxd4 Qb6 10. Qb3 Qxb3 11. axb3 Nb4 12. Kf1 Ng4 13. h3 Ne3+ 14. Bxe3 Nc2
15. Rc1 Nxe3+ 16. Kf2 Nxg2 17. Kxg2 e5 18. Nf3 f5 19. dxe5 fxe4 20. Ng5 dxe5
21. Nxe4 exf4 22. Nxf4 Bxb2 23. Rc7 Rf7 24. Rxf7 Kxf7 25. Ng5+ Kg7 26. Re1 Bf6
27. Ne4 Be5 28. Ng5 Bxf4 29. gxf4 h6 30. Ne6+ Bxe6 31. Rxe6 Kf7 32. Rd6 Re8 33.
Kf3 Re6 34. Rd7+ Re7 35. Rd6 b6 36. Kg4 Re3 37. Rd7+ Kf6 38. Rxa7 Rxb3 39. Rc7
h5+ 40. Kh4 Rb4 41. Kg3 b5 42. Rc6+ Kf5 43. Rc5+ Ke4 44. Re5+ Kd4 45. Rg5 Rb3+
46. Kh4 Ke4 47. Rxg6 Kxf4 48. Rf6+ Ke4 49. Rh6 Rd3 50. Rxh5 Rd5 51. Rh8 Kd4 52.
Kg4 b4 53. Re8 Rb5 54. Rd8+ Kc4 55. Rc8+ Rc5 56. Rb8 b3 57. h4 Rb5 58. Rc8+ Kb4
59. Rc1 Ka3 60. Rb1 b2 61. h5 Ka2 62. Rxb2+ Rxb2 63. h6 Kb3 64. Kg5 Kc4 65. h7
Rg2+ 66. Kf6 Rh2 67. Kg7 1/2-1/2

[Event "Internationaal Jeugdtoernooi Limburg 4"]
[Site "Maastricht"]
[Date "1998.07.17"]
[Round "4"]
[White "Muris, Saskia"]
[Black "Gommers, Olga"]
[Result "0-1"]
[WhiteElo "1673"]
[BlackElo "1686"]
[PlyCount "68"]
[EventDate "1998.07.16"]
[EventType "swiss"]
[EventRounds "7"]
[EventCountry "NED"]
[Source "P.Boonen"]
[SourceDate "2009.01.01"]

1. e4 c5 2. Nf3 d6 3. d4 cxd4 4. Nxd4 Nf6 5. Nc3 g6 6. f4 Bg7 7. e5 Ng8 8. Bb5+
Bd7 9. e6 Bxb5 10. exf7+ Kxf7 11. Ndxb5 Qb6 12. Qd5+ Kf8 13. Qe6 Nc6 14. Qe3
Nd4 15. Nxd4 Bxd4 16. Qf3 Nf6 17. f5 gxf5 18. Qxf5 Bxc3+ 19. bxc3 Qc6 20. Bh6+
Ke8 21. O-O Rg8 22. Qf3 Rc8 23. Qxc6+ Rxc6 24. Rab1 Rxc3 25. Rxb7 Rxc2 26. Rf2
Rxf2 27. Kxf2 Ng4+ 28. Kf1 Nxh6 29. Rxa7 Ng4 30. a4 Nxh2+ 31. Kf2 Ng4+ 32. Kg1
Ne5 33. a5 Nc6 34. Ra6 Kd7 0-1

[Event "Internationaal Jeugdtoernooi Limburg 4"]
[Site "Maastricht"]
[Date "1998.07.17"]
[Round "4"]
[White "Schilperoort, Jeroen"]
[Black "Van Gils, Philip"]
[Result "1-0"]
[WhiteElo "1704"]
[BlackElo "1740"]
[PlyCount "73"]
[EventDate "1998.07.16"]
[EventType "swiss"]
[EventRounds "7"]
[EventCountry "NED"]
[Source "P.Boonen"]
[SourceDate "2009.01.01"]

1. e4 c5 2. c3 e6 3. d4 cxd4 4. cxd4 Nf6 5. Nc3 d5 6. e5 Ng8 7. Nf3 Nc6 8. a3
Bd7 9. Bg5 Be7 10. Bf4 Rc8 11. Rc1 g5 12. Be3 h6 13. b4 f5 14. exf6 Nxf6 15.
Ne5 Rg8 16. Be2 Kf8 17. h4 Nxe5 18. dxe5 Ne4 19. Nxe4 dxe4 20. Bc4 Kg7 21. Qg4
Rh8 22. Qxe4 Bc6 23. Qg4 Bd5 24. Be2 h5 25. Qg3 Rxc1+ 26. Bxc1 Kg6 27. hxg5 Kg7
28. Rxh5 Rxh5 29. Bxh5 Qh8 30. Qh3 Qc8 31. Kd1 Qc4 32. Be2 Qd4+ 33. Ke1 Qxe5
34. Qh6+ Kg8 35. g6 Qc3+ 36. Kf1 Bxg2+ 37. Kxg2 1-0

[Event "Internationaal Jeugdtoernooi Limburg 4"]
[Site "Maastricht"]
[Date "1998.07.17"]
[Round "4"]
[White "Severijnen, Arjon"]
[Black "Muris, Paul"]
[Result "0-1"]
[WhiteElo "1596"]
[BlackElo "1596"]
[PlyCount "98"]
[EventDate "1998.07.16"]
[EventType "swiss"]
[EventRounds "7"]
[EventCountry "NED"]
[Source "P.Boonen"]
[SourceDate "2009.01.01"]

1. d4 e6 2. Nf3 f5 3. g3 Nf6 4. Bg2 c5 5. Bf4 Nc6 6. c3 b6 7. Nbd2 Bb7 8. Nc4
Ne4 9. O-O Be7 10. Ncd2 Nxd2 11. Qxd2 O-O 12. Rad1 d5 13. Ne5 Nxe5 14. Bxe5 Bf6
15. Qe3 Bxe5 16. Qxe5 Rf6 17. dxc5 bxc5 18. Rfe1 Qb8 19. Qxb8+ Rxb8 20. b3 a5
21. e3 Ba6 22. Bf1 Bxf1 23. Kxf1 Rf7 24. Rb1 Rfb7 25. Re2 Kf7 26. Reb2 Kf6 27.
Ke2 e5 28. Rd2 Ke6 29. Rbd1 Rd7 30. c4 d4 31. exd4 exd4 32. Kd3 Kf6 33. Re2 a4
34. Rb1 Rdb7 35. Reb2 g5 36. b4 Rxb4 37. Rxb4 Rxb4 38. Rxb4 cxb4 39. Kxd4 a3
40. c5 b3 41. axb3 a2 42. b4 a1=Q+ 43. Kd5 Qe5+ 44. Kc6 Ke6 45. b5 Qb8 46. b6
Qc8+ 47. Kb5 Kd5 48. c6 Qxc6+ 49. Ka6 Kc5 0-1

[Event "Internationaal Jeugdtoernooi Limburg 4"]
[Site "Maastricht"]
[Date "1998.07.17"]
[Round "4"]
[White "Solleveld, Maarten"]
[Black "Dambacher, Martijn"]
[Result "1-0"]
[WhiteElo "2265"]
[BlackElo "2233"]
[PlyCount "111"]
[EventDate "1998.07.16"]
[EventType "swiss"]
[EventRounds "7"]
[EventCountry "NED"]
[Source "P.Boonen"]
[SourceDate "2009.01.01"]

1. e4 c5 2. Nf3 e6 3. d4 cxd4 4. Nxd4 Nf6 5. Nc3 d6 6. g4 h6 7. h4 Be7 8. Qf3
Nc6 9. Bb5 Bd7 10. Bxc6 bxc6 11. g5 hxg5 12. hxg5 Rxh1+ 13. Qxh1 Ng4 14. Qg2
Qb6 15. Nde2 Ne5 16. b3 c5 17. f4 Nc6 18. Bb2 O-O-O 19. O-O-O f6 20. gxf6 gxf6
21. Kb1 Nd4 22. Nxd4 cxd4 23. Ne2 e5 24. c3 dxc3 25. Nxc3 Bc6 26. Qg4+ Kb8 27.
Qe6 Qb7 28. Ka1 Rh8 29. f5 Rh4 30. Rg1 Qd7 31. Qxd7 Bxd7 32. Nd5 Rh7 33. Rc1
Bd8 34. Ba3 Kb7 35. Bxd6 Bc6 36. Bc5 Rh4 37. Rd1 Bb6 38. Bxb6 axb6 39. Nxf6
Bxe4 40. Nxe4 Rxe4 41. Rf1 Rd4 42. f6 Rd8 43. f7 Rf8 44. Rf6 Kc7 45. Kb2 Kd7
46. Kc3 Ke7 47. Rxb6 Kxf7 48. Kd3 Ke7 49. a4 Rf4 50. a5 Kd7 51. a6 Kc7 52. Rb7+
Kc8 53. b4 Rh4 54. b5 Ra4 55. Ke3 Rb4 56. b6 1-0

[Event "Internationaal Jeugdtoernooi Limburg 4"]
[Site "Maastricht"]
[Date "1998.07.17"]
[Round "4"]
[White "Tangelder, Yonne"]
[Black "Van Gemen, Felix"]
[Result "0-1"]
[WhiteElo "1641"]
[BlackElo "1686"]
[PlyCount "51"]
[EventDate "1998.07.16"]
[EventType "swiss"]
[EventRounds "7"]
[EventCountry "NED"]
[Source "P.Boonen"]
[SourceDate "2009.01.01"]

1. e4 e6 2. d4 d5 3. Nd2 Nf6 4. e5 Nfd7 5. Bd3 c5 6. c3 Nc6 7. Ne2 Qb6 8. Nf3
Be7 9. O-O cxd4 10. cxd4 f5 11. b3 Nf8 12. Bb2 Ng6 13. Rc1 O-O 14. Qd2 Bd7 15.
Rfd1 Nh8 16. Bb1 h6 17. Qf4 g5 18. Qg3 Ng6 19. Ne1 g4 20. h3 Bh4 21. Qc3 Ncxe5
22. Ba3 Rfc8 23. Bc5 Qa6 24. dxe5 Qxe2 25. Nd3 gxh3 26. Rc2 0-1

[Event "Internationaal Jeugdtoernooi Limburg 4"]
[Site "Maastricht"]
[Date "1998.07.17"]
[Round "4"]
[White "Utama, Ivan"]
[Black "Heltzel, Joost"]
[Result "1/2-1/2"]
[WhiteElo "2066"]
[BlackElo "1881"]
[PlyCount "83"]
[EventDate "1998.07.16"]
[EventType "swiss"]
[EventRounds "7"]
[EventCountry "NED"]
[Source "P.Boonen"]
[SourceDate "2009.01.01"]

1. d4 Nf6 2. Bg5 Ne4 3. Bh4 g5 4. Bg3 Nxg3 5. hxg3 Bg7 6. e3 c5 7. c3 cxd4 8.
cxd4 Qa5+ 9. Nc3 Nc6 10. Bd3 h6 11. a3 d6 12. b4 Qd8 13. Rc1 e5 14. d5 Ne7 15.
e4 a6 16. g4 Ng8 17. f3 Nf6 18. Qd2 h5 19. gxh5 Rxh5 20. Rxh5 Nxh5 21. g4 Nf4
22. Nge2 Bd7 23. Nd1 Rc8 24. Rxc8 Qxc8 25. Ne3 Bf6 26. Qc2 Qxc2 27. Bxc2 Nxe2
28. Kxe2 Bd8 29. Kd2 Ke7 30. a4 a5 31. Kc3 axb4+ 32. Kxb4 Bb6 33. Nc4 Bc5+ 34.
Ka5 Kd8 35. Nb2 Kc7 36. Nd3 Bb6+ 37. Kb4 Be3 38. Nb2 Bc5+ 39. Kc4 Bd4 40. Nd3
Be3 41. Bb3 Kb6 42. Kb4 1/2-1/2

[Event "Internationaal Jeugdtoernooi Limburg 4"]
[Site "Maastricht"]
[Date "1998.07.17"]
[Round "4"]
[White "Van Otten, Gerard J"]
[Black "Kipper, Jens"]
[Result "1-0"]
[WhiteElo "1816"]
[BlackElo "2210"]
[PlyCount "69"]
[EventDate "1998.07.16"]
[EventType "swiss"]
[EventRounds "7"]
[EventCountry "NED"]
[Source "P.Boonen"]
[SourceDate "2009.01.01"]

1. Nf3 Nf6 2. d4 e6 3. c4 c5 4. d5 b5 5. Nc3 b4 6. Nb1 exd5 7. cxd5 Bb7 8. Bg5
h6 9. Bxf6 Qxf6 10. Qb3 Qf5 11. Qe3+ Kd8 12. Nbd2 Qxd5 13. Nb3 Kc7 14. Rd1 Qe6
15. Qc1 d6 16. e3 Nc6 17. Bc4 Qf6 18. O-O a5 19. Bd5 a4 20. Nbd4 Na5 21. Bxb7
Kxb7 22. Ne2 g5 23. Ng3 Qe6 24. Qb1 Be7 25. a3 b3 26. Nf5 Rhd8 27. Qd3 Kb6 28.
e4 Bf8 29. Ne3 Bg7 30. Nd5+ Kc6 31. Rd2 Re8 32. Re2 f5 33. Nc3 Bxc3 34. Qxc3
fxe4 35. Nd4+ 1-0

[Event "Internationaal Jeugdtoernooi Limburg 4"]
[Site "Maastricht"]
[Date "1998.07.18"]
[Round "5"]
[White "Amesz, Jaap"]
[Black "Connel, Blair"]
[Result "1-0"]
[WhiteElo "2070"]
[BlackElo "2215"]
[PlyCount "73"]
[EventDate "1998.07.16"]
[EventType "swiss"]
[EventRounds "7"]
[EventCountry "NED"]
[Source "P.Boonen"]
[SourceDate "2009.01.01"]

1. f4 d5 2. b3 Bg4 3. h3 Bh5 4. g4 Bg6 5. Bg2 e6 6. Bb2 Qh4+ 7. Kf1 h5 8. e3
Be4 9. Bxe4 dxe4 10. g5 e5 11. Bxe5 Nc6 12. Bb2 f6 13. gxf6 Nxf6 14. Qe1 Qxe1+
15. Kxe1 Nb4 16. Kd1 Rd8 17. Ne2 Nfd5 18. Nd4 c5 19. Nf5 Rg8 20. a3 g6 21. Rg1
Nc6 22. Ke2 Kf7 23. Ng3 Bg7 24. Bxg7 Kxg7 25. Nxe4 Rge8 26. d3 b5 27. c4 bxc4
28. bxc4 Nf6 29. Nbc3 Nd4+ 30. exd4 cxd4 31. Nd5 Nxe4 32. dxe4 Rxe4+ 33. Kd3
Rde8 34. f5 Rh4 35. Rxg6+ Kf7 36. Rg3 Rb8 37. Rag1 1-0